MARC

LEADER 00000nam0a2200000 4500
001 47207
005 20231031025816.0
035 |a (RuTPU)RU\TPU\book\49307 
090 |a 47207 
100 |a 20030205d1976 km y0rusy50 ca 
101 0 |a rus 
102 |a RU 
105 |a a z 001zy 
200 1 |a Комплексирование геофизических методов при решении геологических задач  |f В. М. Бондаренко, А. Г. Тархов, В. Е. Бродовой, Т. Н. Симоненко  |g Под ред. В. Е. Никитского, В. В. Бродового 
210 |a Москва  |c Недра  |d 1976 
215 |a 495 с.  |c ил., 1 л. табл. 
320 |a Библиогр.: с. 481-492 
451 1 |0 (RuTPU)RU\TPU\book\39846  |t Комплексирование геофизических методов  |f В. В. Бродовой  |c М.  |n Недра  |d 1991  |p 329 с.  |a Бродовой, Владимир Васильевич 
610 1 |a геология 
610 1 |a геофизическая разведка 
610 1 |a геофизические методы 
610 1 |a геофизические задачи 
610 1 |a полезные ископаемые 
610 1 |a картирование геологическое 
610 1 |a нефтяные месторождения 
610 1 |a газовые месторождения 
610 1 |a уголь 
610 1 |a горючие сланцы 
610 1 |a металлические полезные ископаемые 
610 1 |a неметаллические полезные ископаемые 
610 1 |a воды подземные 
675 |a 550.83  |v 3 
701 1 |a Бондаренко  |b В. М.  |g Владимир Михайлович 
701 1 |a Тархов  |b А. Г. 
701 1 |a Бродовой  |b В. Е. 
701 1 |a Симоненко  |b Т. Н. 
702 1 |a Никитский  |b В. Е.  |g Владимир Евгеньевич  |4 340 
702 1 |a Бродовой  |b В. В.  |4 340 
801 1 |a RU  |b 63413507  |c 20030205  |g PSBO 
801 2 |a RU  |b 63413507  |c 20140303  |g PSBO 
900 |a Комплексирование геофизических методов при решении геологических задач 
900 |a Картирование рудных полей и месторождений 
900 |a Прогнозирование и поиски месторождений полезных ископаемых 
900 |a Комплексирование геофизических методов для решения геологических задач 
942 |c BK